000 00621nam a2200229Ia 4500
003 OSt
005 20220923230536.0
006 a|||||r|||| 00| 0
007 ta
008 Pun
024 _a283,034
037 _cTextual
040 _aARTS
_cARTS
_bPun
041 _2Pun
_aPun
082 _aO153,3N332,JS, L7
100 _aਤਸਨੀਮ, ਨਰਿੰਜਨ
_9156318
245 0 _aਜਦੋ੍ਵ ਸਵੇਰ ਹੋਈ
260 _c1977
650 _aਪੰਜਾਬੀ ਸਾਹਿਤ
942 _hO153,3N332,JS, L7
_cTEXL
_2CC
999 _c385577
_d385577